De la vida y acciones de Alexandr [sic] el Grande / (Record no. 48085)

MARC details
000 -LEADER
campo de control de longitud fija 01067nam a2200265 i 4500
001 - NÚMERO DE CONTROL
campo de control 48085
003 - IDENTIFICADOR DE NÚMERO DE CONTROL
campo de control ES-MaACL
005 - FECHA Y HORA DE LA ÚLTIMA TRANSACCIÓN
campo de control 20230906161706.0
007 - CAMPO FIJO DE DESCRIPCIÓN FÍSICA--INFORMACIÓN GENERAL
campo de control de longitud fija t|
008 - DATOS DE LONGITUD FIJA--INFORMACIÓN GENERAL
campo de control de longitud fija 940301m18871888sp ||||1| spa d
080 ## - NÚMERO DE LA CLASIFICACIÓN DECIMAL UNIVERSAL
Número de la Clasificación Decimal Universal 929 Alejandro Magno (38)
080 ## - NÚMERO DE LA CLASIFICACIÓN DECIMAL UNIVERSAL
Número de la Clasificación Decimal Universal 94(38)"-0359/-0323"
100 1# - ENTRADA PRINCIPAL--NOMBRE DE PERSONA
Nombre de persona Curcio Rufo, Quinto.
9 (RLIN) 42203
245 10 - MENCIÓN DEL TÍTULO
Título De la vida y acciones de Alexandr [sic] el Grande /
Mención de responsabilidad, etc. por Quinto Curcio Rufo ; traducido de la lengua latina en la española por Mateo Ibáñez de Segovia y Orellana, marqués de Corpa.
246 3# - FORMA VARIANTE DEL TITULO
Título propio/Titulo breve De la vida y acciones de Alexandro el Grande
260 ## - PUBLICACIÓN, DISTRIBUCIÓN, ETC.
Lugar de publicación, distribución, etc. Madrid :
Nombre del editor, distribuidor, etc. Librería de la Viuda de Hernando y Cía,
Fecha de publicación, distribución, etc. 1887-1888.
300 ## - DESCRIPCIÓN FÍSICA
Extensión 2 v. (XXXII, 299 ; 359 p.) ;
Dimensiones 19 cm.
490 1# - MENCIÓN DE SERIE
Mención de serie Biblioteca clásica ;
Designación de volumen o secuencia 107-108
600 04 - PUNTO DE ACCESO ADICIONAL DE MATERIA--NOMBRE DE PERSONA
Nombre de persona Alejandro Magno.
9 (RLIN) 125603
651 #4 - PUNTO DE ACCESO ADICIONAL DE MATERIA--NOMBRE GEOGRÁFICO
Nombre geográfico Grecia-
Subdivisión general Historia-
Subdivisión cronológica 359-323 a.C., Expansión macedónica.
9 (RLIN) 162843
700 1# - ENTRADA AGREGADA--NOMBRE PERSONAL
Nombre de persona Ibañez de Segovia y Orellana, Mateo.
9 (RLIN) 64921
830 1# - PUNTO DE ACCESO ADICIONAL DE SERIE-TÍTULO UNIFORME
Título uniforme Biblioteca clásica ;
Designación de volumen o secuencia 107-108
9 (RLIN) 180370
852 ## - LOCALIZACIÓN
Ubicación ES-MaACL
Número de control de estantería F-13071-72
Holdings
Estatus retirado Estado de pérdida Estado de daño No para préstamo Colección Biblioteca de origen Biblioteca actual Ubicación en estantería Fecha de adquisición Fuente de adquisición Total de préstamos Signatura topográfica completa Código de barras Visto por última vez Precio de reemplazo Tipo de ítem Koha
        Libros del s. XIX Biblioteca del Ateneo de Madrid Biblioteca del Ateneo de Madrid Sala Pecera Planta 2 17/01/2008     F-13071-72 1050609 23/02/2023 23/02/2023 Libro impreso antiguo